000
00188 a2200097 4500
001
12168
100
_a
Pasha,S.A
245
_a
Bukhara
260
_a
_b
Sang-e-Meel
_c
090
_c
9374
_d
9374
942
_a
NUST-CAE
_c
M
_c
36238
999
_c
247241
_d
247241